000 00346nam a2200133Ia 4500
005 20260328101457.0
008 260328s9999||||xx |||||||||||||| ||und||
100 _aSitwell, Sacheverell
245 0 _aGreat Houses of Europe /
_cSacheverell Sitwell
260 _bSpring Books
300 _a318 p.
650 _aARQUITECTURA RESIDENCIAL
942 _cBK
999 _c8868
_d8868